• 首页
  • 本馆介绍
  • 公告通知
  • 最新文献
  • 馆藏检索
  • 电子资源
  • 读者导购
  • 参考咨询
  • 我的图书馆
  • 登录
  • 详细信息显示
  • 放入我的书架
  • 预约/预借图书
  • 作者相关作品
  • 分类相关作品
  • 丛书相关作品
  • 出版社相关作品

书目信息

  • 表格格式
  • 工作单格式
  • 卡片格式
题名:
老舍写北京
    
 
作者: 老舍 , 舒乙 编
分册:  
出版信息: 天津   百花文艺出版社  1986.10
页数: 162页
开本: 19cm
丛书名: 百花青年小文库
单 册:
中图分类: I207.42
科图分类: 43.257
主题词: 小说--文摘--中国--现代
电子资源:
ISBN: 10151.984
000 00942oam2 2200301 450
001 0188010335
005 20130329125037.0
010    @a10151.984@dCNY1.10
091    @a10151.984
100    @a20130329d1986 m y0chiy0110 ea
101 0  @achi
102    @aCN@b120000
105    @ay z 000cy
106    @ar
200 1  @a老舍写北京@9Lao She Xie Bei Jing @f老 舍著@g舒 乙编
210    @a天津@c百花文艺出版社@d1986.10
215    @a162页@d19cm
225 2  @a百花青年小文库@f姜德明主编
300    @a老舍(1899-1966),现代著名作家,人民艺术家,原名舒庆春,字舒
330    @a本书包括5辑:北京的气候;北京的节日;北京的地方;北京的习俗和玩艺儿;北京的人们。
461  0 @12001 @a百花青年小文库
606 0  @a小说@x文摘@y中国@z现代
690    @aI207.42@v1980
692    @a43.257@v1974
701  0 @a老舍@9lao she@f(1899~1966)@4编
701  0 @a舒乙@9shu yi@4编
801  0 @aCN@bAzMarc@c20130904
905    @aBZT@dI207.42@e194@f1@sI207.42/194
    
    老舍写北京/老 舍著/舒 乙编.-天津:百花文艺出版社,1986.10
    162页;19cm.-(百花青年小文库/姜德明主编)
    老舍(1899-1966),现代著名作家,人民艺术家,原名舒庆春,字舒
    
    ISBN 10151.984:CNY1.10
    本书包括5辑:北京的气候;北京的节日;北京的地方;北京的习俗和玩艺儿;北京的人们。
●
相关链接 在五车中查询图书 在当当中查询图书 在豆瓣中查询图书


正题名:老舍写北京     索取号:I207.42/194         预约/预借

序号 登录号 条形码 馆藏地/架位号 状态 备注
1 2000107255   2000107255   旧书回溯/ [索取号:I207.42/194] 在馆    
山东省滨州职业学院图书馆 欢迎您!
大连网信软件有限公司© 版权所有